| 000 | 00380nam a2200169Ia 4500 | ||
|---|---|---|---|
| 001 | 15345 | ||
| 003 | IN-NITTTR | ||
| 005 | 20251114233144.0 | ||
| 008 | 251113s9999||||xx |||||||||||||| ||eng|| | ||
| 040 | _beng | ||
| 040 | _cIN-NITTTR | ||
| 041 | _aeng | ||
| 082 | _a823 H982T | ||
| 100 | _aHuxley, Aldous | ||
| 245 | 0 |
_aThose barren leaves. / _cHuxley, Aldous |
|
| 942 |
_2ddc _cBK |
||
| 999 |
_c17979 _d17979 |
||